Comparative studies of mineral and organic fertilization on v. thapsus plant (Record no. 53600)

MARC details
000 -LEADER
fixed length control field 01601cab a2200313Ia 45 0
001 - CONTROL NUMBER
control field u201363
003 - CONTROL NUMBER IDENTIFIER
control field SIRSI
008 - FIXED-LENGTH DATA ELEMENTS--GENERAL INFORMATION
fixed length control field 101020s2003 ua ss b eng d
040 ## - CATALOGING SOURCE
Original cataloging agency EAL
041 ## - LANGUAGE CODE
Language code of text/sound track or separate title eng
-- ra
090 ## - LOCALLY ASSIGNED LC-TYPE CALL NUMBER (OCLC); LOCAL CALL NUMBER (RLIN)
Classification number (OCLC) (R) ; Classification number, CALL (RLIN) (NR) ART EJH V30 No1-2 7
100 1# - MAIN ENTRY--PERSONAL NAME
Personal name Salama, A. B.
240 10 - UNIFORM TITLE
Uniform title Egyptian journal of horticulture, 2003 v.30 (1-2)
Medium [electronic resource].
245 10 - TITLE STATEMENT
Title Comparative studies of mineral and organic fertilization on v. thapsus plant
Medium [electronic resource].
246 15 - VARYING FORM OF TITLE
Title proper/short title دراسات مقارنة للتسميد المعدنى والعضوى على نبات شمعدان الملك (الفربسكم).
300 ## - PHYSICAL DESCRIPTION
Extent p.111-124.
504 ## - BIBLIOGRAPHY, ETC. NOTE
Bibliography, etc. note Includes references.
520 ## - SUMMARY, ETC.
Summary, etc. Verbascum, an old latin name of the mullein, (Scrophulariaceae) hardly biennial herbs, rarely perennial or subshrubs. Verbascum genus includes many species most wildly grown, however two species only were grown regularly; V. thapsus and V densiflorum. Mullein flowers contain a large amount of mucilage in addition to an acid saponin, iridoid glycosides and a small quantity of volatile oils. It is no longer a pure demulcent and it is often a constituent of chest and cough teas.
546 ## - LANGUAGE NOTE
Language note Summary in Arabic.
596 ## -
-- 1
650 #0 - SUBJECT ADDED ENTRY--TOPICAL TERM
Topical term or geographic name entry element Mulleins.
650 #0 - SUBJECT ADDED ENTRY--TOPICAL TERM
Topical term or geographic name entry element Mineral fertilizers.
650 #0 - SUBJECT ADDED ENTRY--TOPICAL TERM
Topical term or geographic name entry element Organic fertilizers.
700 1# - ADDED ENTRY--PERSONAL NAME
Personal name Hassan, S. M.
700 1# - ADDED ENTRY--PERSONAL NAME
Personal name El-Gengaihi, S. E.
700 1# - ADDED ENTRY--PERSONAL NAME
Personal name Abu-Taleb, N. S.
773 0# - HOST ITEM ENTRY
Title Egyptian journal of horticulture.
Related parts 2003.v.30(1-2)
International Standard Serial Number 1110-0206
Control subfield nnas
Record control number u183584
856 40 - ELECTRONIC LOCATION AND ACCESS
Uniform Resource Identifier <a href="http://nile.enal.sci.eg/EALE/2003/EJH/3003/1-2/111.pdf">http://nile.enal.sci.eg/EALE/2003/EJH/3003/1-2/111.pdf</a>
Public note Full Text Article
942 ## - ADDED ENTRY ELEMENTS (KOHA)
Koha item type Articles
Source of classification or shelving scheme Library of Congress Classification

No items available.


Home | About ENAL | Collections | Services | Activities | Calendar | Contact us

7 Nadi El Sayed St., Giza, Egypt | Phone:02-33351121 +02-33351313 | 
| Email: enalegypt@gmail.com